| 000 | 01600nam0a2200337 4500 | ||
|---|---|---|---|
| 001 | RU\NLR\bibl\1815139 | ||
| 005 | 20250616154921.0 | ||
| 010 |
_a978-5-2760-1974-1 _9100 |
||
| 021 |
_aRU _b2011-65595 _94612 |
||
| 035 | _a(NLR Aleph) 001805728 | ||
| 090 |
_a1807445 _c1807445 |
||
| 100 | _a20111001d2011 |||y0rusy50 ca | ||
| 101 | 0 | _arus | |
| 102 | _aRU | ||
| 105 | _aa ||||||||| | ||
| 200 | 1 |
_aАрхитектура вычислительных систем и компьютерных сетей _eучебно-методическое пособие _fВ.Ю. Радыгин _gМ-во образования Рос. Федерации, Моск. гос. индустр. ун-т |
|
| 210 |
_aМосква _cИзд-во МГИУ _d2011 |
||
| 215 |
_a45, [1] с. _cил. _d21 |
||
| 320 | _aБиблиогр. в конце кн. (4 назв.) | ||
| 606 | 1 |
_aВычислительные системы _jУчебно-методические пособия для высших учебных заведений _xАрхитектура _91319876 _3RU\NLR\auth\66232320 |
|
| 606 | 1 |
_aВычислительные сети _jУчебно-методические пособия для высших учебных заведений _xАрхитектура _92225657 _3RU\NLR\auth\661336132 |
|
| 686 | _aЗ988.02-02я73-1 | ||
| 686 | _aЗ973.202-02я73-1 | ||
| 700 | 1 |
_aРадыгин _bВ. Ю. _gВиктор Юрьевич _4070 |
|
| 801 | 0 |
_aRU _bNLR _c20111001 _gRCR |
|
| 801 | 1 |
_aRU _bNLR _c20111001 |
|
| 830 | _aавт. по кн. | ||
| 942 | _cBOOK | ||
| 980 | _aNB | ||
| 980 | _aNBR | ||